000 00560nam a2200241Ia 4500
003 OSt
005 20220912145428.0
006 a|||||r|||| 00| 0
007 ta
008 220909b |||||||| |||| 00| 0 eng d
024 _a66295
037 _cTextual
040 _aCSL
_beng
_cCSL
041 _aeng
082 _aB284, J9;1
100 _aWilliams E.J.
245 0 _aRegression analysis
260 _c1959
300 _ap.
_ccm.
650 _aRegression
942 _hB284, J9;1
_cTEXL
_2CC
999 _c31612
_d31612